Effect of levamisole and benda-1000 for deworming of stonggyloides of pig in smallholder raising in kandal stung district, kandal province, ប្រសិទ្ធភាព LEVAMISOLE និង​ BENDA-1000 ក្នុងការទម្លាក់ STRONGYLOIDES របស់ជ្រូកសាច់ចិញ្ចឹមជាលក្ខណៈគ្រួសារ នៅស្រុកកណ្តាលស្ទឹង ខេត្តកណ្តាល. (Record no. 2600)

000 -LEADER
fixed length control field 00816nam a22001337a 4500
040 ## - CATALOGING SOURCE
Transcribing agency RUA
082 ## - DEWEY DECIMAL CLASSIFICATION NUMBER
Classification number AVM UM 2013 B105 Or.1
100 ## - MAIN ENTRY--AUTHOR NAME
Personal name UM, VISAL.
245 ## - TITLE STATEMENT
Title Effect of levamisole and benda-1000 for deworming of stonggyloides of pig in smallholder raising in kandal stung district, kandal province, ប្រសិទ្ធភាព LEVAMISOLE និង​ BENDA-1000 ក្នុងការទម្លាក់ STRONGYLOIDES របស់ជ្រូកសាច់ចិញ្ចឹមជាលក្ខណៈគ្រួសារ នៅស្រុកកណ្តាលស្ទឹង ខេត្តកណ្តាល.
260 ## - PUBLICATION, DISTRIBUTION, ETC. (IMPRINT)
Place of publication phnom phen
Name of publisher RUA
Year of publication 2013
300 ## - PHYSICAL DESCRIPTION
Number of Pages VIII,38p.
Other physical details ill.
Dimensions 29cm.
856 ## - ELECTRONIC LOCATION AND ACCESS
Uniform Resource Identifier https://drive.google.com/file/d/1ONX1j69PnANxgP_blv2ejeUX3wy60HXh/view?usp=sharing
942 ## - ADDED ENTRY ELEMENTS (KOHA)
Koha item type AVM
952 ## - LOCATION AND ITEM INFORMATION (KOHA)
Withdrawn status [LOCAL, KOHA] 0
952 ## - LOCATION AND ITEM INFORMATION (KOHA)
Withdrawn status [LOCAL, KOHA] 0
952 ## - LOCATION AND ITEM INFORMATION (KOHA)
Withdrawn status [LOCAL, KOHA] 0
952 ## - LOCATION AND ITEM INFORMATION (KOHA)
Withdrawn status [LOCAL, KOHA] 0
952 ## - LOCATION AND ITEM INFORMATION (KOHA)
Withdrawn status [LOCAL, KOHA] 0
952 ## - LOCATION AND ITEM INFORMATION (KOHA)
Withdrawn status [LOCAL, KOHA] 0
952 ## - LOCATION AND ITEM INFORMATION (KOHA)
Withdrawn status [LOCAL, KOHA] 0
952 ## - LOCATION AND ITEM INFORMATION (KOHA)
Withdrawn status [LOCAL, KOHA] 0
Holdings
Permanent Location Date acquired Koha item type Lost status Shelving location Barcode Current Location Full call number
Library Block B2015-10-24AVM B105RUA018261Library Block BAVM UM 2013 B105 Or.1
Library Block B2015-10-24AVM B105RUA018408Library Block BAVM UM 2013 B105 Or.2
Library Block B2015-10-24AVM B105RUA018244Library Block BAVM UM 2013 B105 Or.3
Library Block B2015-10-24AVM B105RUA018387Library Block BAVM UM 2013 B105 Or.4
Library Block B2015-10-24AVM B105RUA018209Library Block BAVM UM 2013 B105 Or.5
Library Block B2015-10-24AVM B105RUA018113Library Block BAVM UM 2013 B105 Or.6
Library Block B2015-10-24AVM B105RUA018257Library Block BAVM UM 2013 B105 Or.7
Library Block B2015-10-24AVM B105RUA018401Library Block BAVM UM 2013 B105 Or.8
មជ្ឈមណ្ឌលឯការនៃសាកលវិទ្យាល័យភូមិន្ទកសិកម្មចំការដូង

Powered by Koha